Solfège rythmique: sans accompagnement en quatre volumes

Uloženo v:
Podrobná bibliografie
Hlavní autor: Cardin, Iris (Autor)
Médium: Kniha
Jazyk:francouzština
Vydáno: París Alphonse Leduc 1963
Témata:
Tagy: Přidat tag
Žádné tagy, Buďte první, kdo vytvoří štítek k tomuto záznamu!

MARC

LEADER 00000nam a2200000 a 4500
001 UCM0275
003 CL-VaPUC
008 020125e19630000FR |||||||||||||||||fre|d
082 0 4 |a 781.421224  |b CAR  |2 21 
100 0 |a Cardin, Iris  |e author  |9 466980 
245 1 0 |a Solfège rythmique: sans accompagnement en quatre volumes 
300 |a 4 v 
942 |c BK 
945 |d 20020125 00:00:00  |a lriquelm 
260 |a París  |b Alphonse Leduc  |c 1963 
500 |a Los vols. 1 y 2 en clé de sol, los vols. 3 y 4 en trois clés 
500 |a v.1: Mesures simples 
500 |a v.2: Mesures composées 
500 |a v.3: Degré moyen 
500 |a v.4: Degré supérieur 
650 7 |a SOLFEO - ESTUDIO E INSTRUCCION  |2 CL-VaPUC  |9 331722 
650 0 |a Solfeo, ejercicios y estudios  |9 466981 
650 7 |a SOLFEO - TECNICAS DE LA MUSICA  |2 CL-VaPUC  |9 466982 
650 0 |a Solfeo, técnicas de ejecución  |9 466983 
650 0 |a Solfeo, interpretación  |9 466984 
650 0 |a Solfeo, partituras  |9 466985 
650 7 |a RITMO MUSICAL  |2 CL-VaPUC  |9 466986 
583 |a last modification  |c 20020125 00:00:00  |k Rodrigo Vera 
999 |c 299242  |d 299240 
952 |0 0  |1 0  |4 0  |6 781_421224000000000_CAR_1963  |7 0  |8 A  |9 355520  |a BIBEDU  |b BIBEDU  |d 2019-11-21  |h v.1  |i 1156519  |o 781.421224 CAR 1963  |p 1156519  |r 2023-01-12  |w 2019-11-21  |y BK  |k MUS 
952 |0 0  |1 0  |4 0  |6 781_421224000000000_CAR_1963  |7 0  |8 A  |9 355521  |a BIBEDU  |b BIBEDU  |d 2019-11-21  |h v.1  |i 1156527  |o 781.421224 CAR 1963  |p 1156527  |r 2023-01-12  |w 2019-11-21  |y BK  |k MUS 
952 |0 0  |1 0  |4 0  |6 781_421224000000000_CAR_1963  |7 0  |8 A  |9 355522  |a BIBEDU  |b BIBEDU  |d 2019-11-21  |h v.3  |i 1156535  |o 781.421224 CAR 1963  |p 1156535  |r 2023-01-12  |w 2019-11-21  |y BK  |k MUS 
952 |0 0  |1 0  |4 0  |6 781_421224000000000_CAR_1963  |7 0  |8 A  |9 355523  |a BIBEDU  |b BIBEDU  |d 2019-11-21  |h v.2  |i 1156543  |o 781.421224 CAR 1963  |p 1156543  |r 2023-01-12  |w 2019-11-21  |y BK  |k MUS 
952 |0 0  |1 0  |4 0  |6 781_421224000000000_CAR_1963  |7 0  |8 A  |9 355524  |a BIBEDU  |b BIBEDU  |d 2019-11-21  |h v.3  |i 1156551  |o 781.421224 CAR 1963  |p 1156551  |r 2023-01-12  |w 2019-11-21  |y BK  |k MUS 
952 |0 0  |1 0  |4 0  |6 781_421224000000000_CAR_1963  |7 0  |8 A  |9 355525  |a BIBEDU  |b BIBEDU  |d 2019-11-21  |h v.4  |i 115656K  |o 781.421224 CAR 1963  |p 115656K  |r 2023-01-12  |w 2019-11-21  |y BK  |k MUS